<?xml version="1.0" encoding="UTF-8"?><marc:collection xmlns:marc="http://www.loc.gov/MARC21/slim">
  <marc:record>
    <marc:leader>00000nam  2200000za 4500</marc:leader>
    <marc:controlfield tag="001">9.842867</marc:controlfield>
    <marc:controlfield tag="003">CaOODSP</marc:controlfield>
    <marc:controlfield tag="005">20240610141522</marc:controlfield>
    <marc:controlfield tag="007">cr |||||||||||</marc:controlfield>
    <marc:controlfield tag="008">171012s2017    quc     o    f000 0 fre d</marc:controlfield>
    <marc:datafield tag="020" ind1=" " ind2=" ">
      <marc:subfield code="a">978-0-660-09471-7</marc:subfield>
    </marc:datafield>
    <marc:datafield tag="040" ind1=" " ind2=" ">
      <marc:subfield code="a">CaOODSP</marc:subfield>
      <marc:subfield code="b">fre</marc:subfield>
    </marc:datafield>
    <marc:datafield tag="043" ind1=" " ind2=" ">
      <marc:subfield code="a">n-cn---</marc:subfield>
    </marc:datafield>
    <marc:datafield tag="086" ind1="1" ind2=" ">
      <marc:subfield code="a">P4-74/2017F-PDF</marc:subfield>
    </marc:datafield>
    <marc:datafield tag="245" ind1="0" ind2="0">
      <marc:subfield code="a">Élargir la trousse d’outils du Canada pour répondre aux actes répréhensibles des entreprises - document de travail pour consultation publique </marc:subfield>
      <marc:subfield code="h">[ressource électronique] : </marc:subfield>
      <marc:subfield code="b">volet accords de poursuite suspendue.</marc:subfield>
    </marc:datafield>
    <marc:datafield tag="246" ind1="1" ind2="6">
      <marc:subfield code="a">Élargir la trousse d’outils du Canada pour répondre aux actes répréhensibles des entreprises : </marc:subfield>
      <marc:subfield code="b">guide de discussion sur le volet des accords de poursuite suspendue</marc:subfield>
    </marc:datafield>
    <marc:datafield tag="246" ind1="1" ind2="7">
      <marc:subfield code="a">Répondre aux actes répréhensibles des entreprises au Canada</marc:subfield>
    </marc:datafield>
    <marc:datafield tag="260" ind1=" " ind2=" ">
      <marc:subfield code="a">[Gatineau, QC : </marc:subfield>
      <marc:subfield code="b">Services publics et approvisionnement Canada, </marc:subfield>
      <marc:subfield code="c">2017]</marc:subfield>
    </marc:datafield>
    <marc:datafield tag="500" ind1=" " ind2=" ">
      <marc:subfield code="a">Publ. aussi en anglais sous le titre : Expanding Canada’s toolkit to address corporate wrongdoing - discussion paper for public consultation: deferred prosecution agreement stream.</marc:subfield>
    </marc:datafield>
    <marc:datafield tag="500" ind1=" " ind2=" ">
      <marc:subfield code="a">Titre de la couv.</marc:subfield>
    </marc:datafield>
    <marc:datafield tag="520" ind1=" " ind2=" ">
      <marc:subfield code="a">« Le gouvernement du Canada invite les Canadiennes et les Canadiens à participer à une discussion et à donner leurs points de vue pour savoir si, à leur avis, il a à sa disposition de bons outils pour répondre aux actes répréhensibles des entreprises. Dans le cadre de son engagement, le gouvernement consultera les Canadiens sur les améliorations possibles du Régime d’intégrité et les considérations concernant l’adoption possible d’un régime possible d’accord de poursuite suspendue (APS) au Canada. Le présent document de travail est conçu pour orienter la tenue des consultations publiques au sujet d’un régime possible d’APS au Canada. Un document similaire à l’égard du Régime d’intégrité est affiché sur la page Web de la consultation sur le Régime d’intégrité: Élargir la trousse d’outils du Canada afin d’éliminer les actes répréhensibles des entreprises »--p. 4.</marc:subfield>
    </marc:datafield>
    <marc:datafield tag="692" ind1="0" ind2="7">
      <marc:subfield code="2">gccst</marc:subfield>
      <marc:subfield code="a">Sociétés</marc:subfield>
    </marc:datafield>
    <marc:datafield tag="692" ind1="0" ind2="7">
      <marc:subfield code="2">gccst</marc:subfield>
      <marc:subfield code="a">Corruption</marc:subfield>
    </marc:datafield>
    <marc:datafield tag="692" ind1="0" ind2="7">
      <marc:subfield code="2">gccst</marc:subfield>
      <marc:subfield code="a">Justice pénale</marc:subfield>
    </marc:datafield>
    <marc:datafield tag="710" ind1="1" ind2=" ">
      <marc:subfield code="a">Canada. </marc:subfield>
      <marc:subfield code="b">Services publics et approvisionnement Canada.</marc:subfield>
    </marc:datafield>
    <marc:datafield tag="775" ind1="0" ind2="8">
      <marc:subfield code="t">Expanding Canada’s toolkit to address corporate wrongdoing - discussion paper for public consultation </marc:subfield>
      <marc:subfield code="w">(CaOODSP)9.842865</marc:subfield>
    </marc:datafield>
    <marc:datafield tag="856" ind1="4" ind2="0">
      <marc:subfield code="q">PDF</marc:subfield>
      <marc:subfield code="s">575 Ko</marc:subfield>
      <marc:subfield code="u">https://publications.gc.ca/collections/collection_2017/spac-pspc/P4-74-2017-fra.pdf</marc:subfield>
    </marc:datafield>
  </marc:record>
</marc:collection>
